Human Resources Management: (Record no. 783)
[ view plain ]
| 000 -LEADER | |
|---|---|
| fixed length control field | 00765nam a22002417a 4500 |
| 001 - CONTROL NUMBER | |
| control field | 783 |
| 005 - DATE AND TIME OF LATEST TRANSACTION | |
| control field | 20260213114825.0 |
| 008 - FIXED-LENGTH DATA ELEMENTS--GENERAL INFORMATION | |
| fixed length control field | 130115b xxu||||| |||| 00| 0 eng d |
| 020 ## - INTERNATIONAL STANDARD BOOK NUMBER | |
| International Standard Book Number | 13:978-81-315-1106-0 and 10:81-315-11-6-5 |
| 040 ## - CATALOGING SOURCE | |
| Original cataloging agency | BSULIB |
| 082 ## - DEWEY DECIMAL CLASSIFICATION NUMBER | |
| Edition number | 22 |
| Classification number | 658.3 |
| Item number | SNE |
| 100 ## - MAIN ENTRY--PERSONAL NAME | |
| Personal name | Snell, Scott, |
| 9 (RLIN) | 2041 |
| 245 ## - TITLE STATEMENT | |
| Title | Human Resources Management: |
| Remainder of title | a south-Asian Perspective/ |
| Statement of responsibility, etc | Scott, Snell, Bahlander,George and Vahra Veena |
| 250 ## - EDITION STATEMENT | |
| Edition statement | Indian ed. |
| 260 ## - PUBLICATION, DISTRIBUTION, ETC. (IMPRINT) | |
| Place of publication, distribution, etc | Delhi: |
| Name of publisher, distributor, etc | Cengage Learning, |
| Date of publication, distribution, etc | 2007. |
| 300 ## - PHYSICAL DESCRIPTION | |
| Extent | xv, 593P.: |
| Dimensions | 24cm. |
| Other physical details | ill.; |
| 500 ## - GENERAL NOTE | |
| General note | Includes bibliographical references and index |
| 650 ## - SUBJECT ADDED ENTRY--TOPICAL TERM | |
| Topical term or geographic name as entry element | Human Resource |
| 9 (RLIN) | 2039 |
| 658 ## - INDEX TERM--CURRICULUM OBJECTIVE | |
| Main curriculum objective | Management |
| 700 ## - ADDED ENTRY--PERSONAL NAME | |
| Personal name | Vohra, Veena. |
| 9 (RLIN) | 26279 |
| 700 ## - ADDED ENTRY--PERSONAL NAME | |
| Personal name | Bahlander, George |
| 9 (RLIN) | 26280 |
| 942 ## - ADDED ENTRY ELEMENTS (KOHA) | |
| Source of classification or shelving scheme | Dewey Decimal Classification |
| Item type | Books |
| Withdrawn status | Lost status | Source of classification or shelving scheme | Damaged status | Not for loan | Collection code | Home library | Current library | Shelving location | Date acquired | Source of acquisition | Inventory number | Total Checkouts | Full call number | Barcode | Date last seen | Copy number | Price effective from | Koha item type | Public note |
|---|---|---|---|---|---|---|---|---|---|---|---|---|---|---|---|---|---|---|---|
| Dewey Decimal Classification | Main Library | Main Library | Reserve Book Section | 15/01/2013 | Purchased | 23592 | 658.3 SNE | bsu26020304 | 15/01/2013 | 001 | 15/01/2013 | Books | Item available in hard copy |